The Retoric of Romanticism = La retórica del romanticismo /
Guardat en:
| Autor principal: | |
|---|---|
| Format: | Desconegut |
| Idioma: | English |
| Publicat: |
New York :
Columbia University Press,
1984.
|
| Matèries: | |
| Etiquetes: |
Afegir etiqueta
Sense etiquetes, Sigues el primer a etiquetar aquest registre!
|
MARC
| LEADER | 000000000a22000000004500 | ||
|---|---|---|---|
| 001 | 011457 | ||
| 020 | |a 0231055269 | ||
| 041 | 0 | |a eng | |
| 082 | 0 | 4 | |a 809.191.4 |b M266r |
| 100 | 1 | |a Man, Paul de | |
| 245 | 1 | 4 | |a The Retoric of Romanticism = |b La retórica del romanticismo / |c Paul de Man. |
| 246 | 3 | 1 | |a La retórica del romanticismo |
| 260 | 1 | |a New York : |b Columbia University Press, |c 1984. | |
| 300 | |a 327 páginas | ||
| 500 | |a Colección George Yúdice | ||
| 650 | 4 | |a POESIA EUROPEA | |
| 650 | 4 | |a SIGLO XIX | |
| 650 | 4 | |a HISTORIA Y CRITICA | |
| 650 | 4 | |a ENSAYOS Y CONFERENCIAS | |
| 650 | 4 | |a ROMANTICISMO EUROPEO | |
| 999 | |c 16749 |d 16749 | ||
| 942 | |c BK |h 809.191.4 M266r |2 z | ||



